| 000 | 01040cab a2200229 4500 | ||
|---|---|---|---|
| 001 | WB3001-41 | ||
| 008 | 090401t1994 xxu||||| |||| 00| 0 eng d | ||
| 035 | _a(Sirsi) u42117 | ||
| 041 | _aeng | ||
| 245 | _aCouncil cannot rely on directive | ||
| 260 | _c1994 | ||
| 350 | _a0 | ||
| 490 |
_aTimes _v7 January 1994 32(1) |
||
| 520 | _aIn "Wychavon DC v SoS for Environment and another" QBD 16 December 1993, an application to quash a decision by a planning inspector allowing an appeal against the refusal by W to allow planning permission for the erection of poultry houses and agricultural dwellings, was turned down on the grounds that a district council was not an individual under Community law and could not rely on the provisions of an EC Directive unimplemented by UK legislation as against a private individual. fi | ||
| 650 | _aDIRECTIVE 85/337/EEC | ||
| 650 | _aCOMMUNITY LAW | ||
| 650 | _aEC DIRECTIVES | ||
| 650 | _aSI 1988:1199 | ||
| 690 | _aPLANNING LAW AND PRACTICE-CASE LAW | ||
| 942 | _n0 | ||
| 948 | _c04/03/1997 | ||
| 999 |
_c27057 _d27057 |
||